Detalles MARC
| 000 -LIDER |
| fixed length control field |
01048nam a2200325 4500 |
| 001 - NÚMERO DE CONTROL |
| Identificador de número de control |
00632961 |
| 003 - IDENTIFICACDOR DE NÚMERO DE CONTROL |
| control field |
DO-SdBNP |
| 005 - DATE AND TIME OF LATEST TRANSACTION |
| control field |
20240124081033.0 |
| 007 - CAMPOS FIJOS DE DESCRIPCIÓN FÍSICA |
| fixed length control field |
00632961 |
| 008 - ELEMENTOS DE LONGITUD FIJA |
| fixed length control field |
130917s1996 sp gq 000 0 spa d |
| 017 ## - NÚMERO DE REGISTRO DE DERECHOS DE AUTOR |
| Copyright or legal deposit number |
|
| Assigning agency |
|
| 020 ## - ISBN |
| International Standard Book Number |
8408019260 |
| 035 ## - NÚMERO LOCAL |
| System control number |
|
| 040 ## - FUENTE DE CATALOGACIÓN |
| Agencia que crea de manera original el registro |
BPMSU |
| Idioma de catalogación |
spa |
| Agencia que realiza la transcripción |
BPMSU |
| Convenciones de la despripción |
|
| 082 #4 - NÚMERO DE CLASIFICACIÓN DECIMAL DE DEWEY |
| Classification number |
863.6 |
| Item number |
M379f 1996 |
| Edition number |
22 |
| 100 1# - ASIENTO PRINCIPAL -- NOMBRE PERSONAL |
| Nombre personal |
Martín, Andreu |
| Fechas asociadas con el nombre |
1949- |
| 245 10 - MENCIÓN DE TITULO |
| Título |
Fantasmas cotidianos / |
| Mención de responsabilidad |
Andreu Martín |
| 246 14 - VARIACION DEL TÍTULO |
| Título propiamente dicho o título corto |
Fantasmas cotidianos : |
| Subtítulo |
un libro sobre los pequeños terrores que condicionan la vida de los seres humanos |
| 250 ## - MENCIÓN DE EDICION |
| Mención de edición |
|
| 260 ## - PUBLICACIÓN, DISTRIBUCIÓN, ETC. (PIE DE IMPRENTA) |
| Lugar de publicación, distribución, etc |
Barcelona : |
| Nombre del editor, distribuidor, etc. |
Planeta, |
| Fecha de publicación, distribución, etc |
1996 |
| 300 ## - DESCRIPCIÓN FÍSICA |
| Extensión |
193 p. : |
| Dimensiones |
21 cm |
| 490 0# - MENCIÓN DE SERIES |
| Mención de serie |
Autores españoles e hispanoamericanos |
| 500 ## - NOTA GENERAL |
| Nota general |
Incluye datos biográficos del autor en la solapa de cubierta |
| 505 0# - NOTA DE CONTENIDO |
| Texto normalizado de contenido |
De miedo -- Dejad que los caimanes se acerquen a mí -- Alma en pena. |
| 590 ## - NOTA LOCAL |
| Texto de la nota local |
Inventariado, 2024/VM |
| 650 #4 - ENCABEZAMIENTO DE MATERIA--TEMÁTICO |
| Término temático o nombre geográfico como elemento de entrada |
Novela española |
| 650 #4 - ENCABEZAMIENTO DE MATERIA--TEMÁTICO |
| Término temático o nombre geográfico como elemento de entrada |
Fantasmas |
| Subdivisión de forma |
Novela |
| 910 ## - VALIDACIÓN |
| Validación |
VMateo V. Control de calidad. BPMSU |
| 942 ## - ADDED ENTRY ELEMENTS (KOHA) |
| Source of classification or shelving scheme |
Dewey Decimal Classification |
| Koha item type |
Libros |